000 00411nam a2200181Ia 4500
001 3140
005 20260306144858.0
008 260306t1993||||xx |||||||||||||| ||spa||
041 _aESP
082 _a261.3
_bP669
100 _aPoveda, Pedro
_eAUT
245 0 _aAmigos fuertes de Dios
260 _c1993
300 _a235 páginas :
_c21 cm.
650 _aGEN
654 _aCHU
942 _cLIB
_dJUS
_fJUS
_2ddc
_n
999 _c3140
_d3140